000 00484nam a2200181Ia 4500
005 20250326125538.0
008 250326s9999 xx 000 0 und d
037 _aTextbook
040 _aFMSL
_beng
_cFMSL
041 _aeng
_2eng
084 _aS:44 L01
_qFMSL
100 _aGeorge F H
245 0 _aModels of thinking
_cGeorge F H
260 _aLondon
_bLondon, George Allen And Unwin
_c1970
300 _a166p
942 _cTB
_hS:44 L01
999 _c1278510
_d1278510